000 00730nam a2200217Ii 4500
003 JO-AjNU
008 230605s9999||||xx |||||||||||||| ||und||
017 _a2001/4082
040 _aJO-AjNU
_bara
_erda
_cJO-AjNU
041 _aara
050 1 4 _aLB3013.Z8282 2001
100 3 _aتأليف الزبيدي، سلمان عاشور,
_eauthor
_952631
245 0 0 _aالإدارة الصفية الفعالة " في ضوء الإدارة المدرسية الحديثة"
250 _aط1
264 3 1 _aليبيا: د.ن، 2001
300 _a191ص
336 _atext
_btxt
_2rdacontent
337 _aunmediated
_bn
_2rdamedia
338 _avolume
_bnc
_2rdacarrier
650 4 _aالتعليم - الإدارة الصفية
_952632
999 _aA23326
_c26894
_d26894